| 000 | 00795 a2200205 4500 | ||
|---|---|---|---|
| 001 | 22765 | ||
| 005 | 20260407155517.0 | ||
| 008 | 260407a1968 arg spa d | ||
| 003 | AR-UNSa-BCEJYS | ||
| 040 |
_aAR-UNSa-BCEJYS _bspa _cAR-UNSa-BCEJYS |
||
| 080 |
_a657 _xContabilidad |
||
| 245 | 1 | 0 | _aTeoría contable básica |
| 264 | 1 |
_aMéxico : _bUnión Tipográfica Editorial Hispano-Americana (UTEHA) _c1968 |
|
| 300 |
_aix, 216 p. _c18 p. |
||
| 505 | _a1. Introducción - 2. Normas de contabilidad - 3. Información contable para usuarios externos - 4. Información contable para la gerencia interna - 5. Expansión de la teoría contable - Apéndices. | ||
| 942 | _cBK | ||
| 590 | _aniveau_biblio:m niveau_hierar:0 | ||
| 100 | 1 | _aAmerican Accounting Association | |
| 700 | 1 | _aMartinez, Enrique | |
| 999 |
_c1052 _d1052 |
||